| 000 | 00629nam a2200205Ia 4500 | ||
|---|---|---|---|
| 005 | 20250923144635.0 | ||
| 008 | 008 250917s9999 xx 000 0 eng d | ||
| 037 | _aTextual | ||
| 040 |
_aDSWL _beng _cDSWL |
||
| 041 |
_aeng _2eng |
||
| 084 |
_aX9J:75:46:N5, J7 _qDSWL |
||
| 100 |
_aWarriner, Doreen _9826896 |
||
| 245 | 0 |
_aLand reform and development in the middle east _cby Doreen Warriner |
|
| 260 |
_aNew York _bRoyal Institute of International Affairs _c1957 |
||
| 300 | _aix,197p. | ||
| 365 |
_aUSD _b18 |
||
| 925 | _g18 | ||
| 942 |
_cTEXL _hX9J:75:46:N5, J7 |
||
| 999 |
_c1441513 _d1441513 |
||